000
00315nam a22001457a 4500
008
210528b ||||| |||| 00| 0 eng d
020
_a
9780618399437
041
_a
eng
080
_2
8th
_a
541
082
_a
541
100
_a
12
101
_a
KIM
245
_a
General Chemistry
_c
Ebbing Gammon
942
_2
udc
_c
BK
999
_c
57762
_d
57762